iSMILE : Speech recognition solution for children with learning disabilities (Record no. 331533)

000 -LEADER
fixed length control field 00580nam a2200157 4500
082 ## - DEWEY DECIMAL CLASSIFICATION NUMBER
Classification number BSCS-3 AWA
100 ## - MAIN ENTRY--PERSONAL NAME
Personal name M. Awais Zulfiqar | Umad ul Hassan | Mouman Shafi Chaudhry
245 ## - TITLE STATEMENT
Title iSMILE : Speech recognition solution for children with learning disabilities
260 ## - PUBLICATION, DISTRIBUTION, ETC.
Place of publication, distribution, etc. (Islamabad)
Name of publisher, distributor, etc. NUST-SEECS
Date of publication, distribution, etc. 2017
300 ## - PHYSICAL DESCRIPTION
Extent 45p.
Accompanying material CD Includes
563 ## - BINDING INFORMATION
Binding note HBK.
856 ## - Uniform Resource Identifier
Uniform Resource Identifier <a href="http://10.250.8.41:8080/xmlui/handle/123456789/28647">http://10.250.8.41:8080/xmlui/handle/123456789/28647</a>
942 ## - ADDED ENTRY ELEMENTS (KOHA)
Source of classification or shelving scheme
Koha item type Project Report
Holdings
Withdrawn status Lost status Source of classification or shelving scheme Damaged status Not for loan Permanent Location Current Location Shelving location Date acquired Source of acquisition Full call number Barcode Date last seen Price effective from Koha item type
WITHDRAWN         Central Library (CL) Central Library (CL) General Stacks 10/03/2017 NUST-SEECS BSCS-3 AWA SEECSP02166 10/03/2017 10/03/2017 Project Report
© 2023 Central Library, National University of Sciences and Technology. All Rights Reserved.